Desktop Publishing jako předmět výuky na Vysoké škole ekonomické v Praze

Význam Dtp technológií a spôsob ako je táto problematika prezentovaná študentom VŠE v Prahe. Vymedzenie pojmov Desktop publishing (Dtp), Dtp technológie, komunikačné a prezentačné funkcie v manažérskych informačných systémoch. Vymedzenie Dtp technológie vo vzťahu k manažérskym informačným systémom a...

Descrizione completa

Salvato in:
Dettagli Bibliografici
Autore principale: Horný, Stanislav
Natura: Capitolo di libro
Lingua:ceco
Soggetti:
Tags: Aggiungi Tag
Nessun Tag, puoi essere il primo ad aggiungerne!!

MARC

LEADER 00000naa a2200000 4500
001 r027338
005 20230927115458.7
041 0 |a cze 
044 |a CZ 
245 1 0 |a Desktop Publishing jako předmět výuky na Vysoké škole ekonomické v Praze  |c Stanislav Horný 
520 |a Význam Dtp technológií a spôsob ako je táto problematika prezentovaná študentom VŠE v Prahe. Vymedzenie pojmov Desktop publishing (Dtp), Dtp technológie, komunikačné a prezentačné funkcie v manažérskych informačných systémoch. Vymedzenie Dtp technológie vo vzťahu k manažérskym informačným systémom a zdôvodnenie nevyhnutnosti ich zaradenia medzi ostatné bežné aplikačné programové vybavenie integrovaných firemných informačných systémov. 
610 2 0 |a výučba vedecká 
610 2 0 |a Desktop publishing 
610 2 0 |a Vysoká škola ekonomická v Prahe 
610 2 0 |a štúdium vysokoškolské 
610 2 0 |a kurzy 
610 2 0 |a spracovanie textov 
610 2 0 |a systémy informačné manažérske 
100 1 |a Horný, Stanislav